Gerontological nursing / (Record no. 80567)
[ view plain ]
| 000 -LEADER | |
|---|---|
| fixed length control field | 01057nam a2200253Ia 4500 |
| 003 - CONTROL NUMBER IDENTIFIER | |
| control field | URS |
| 005 - DATE AND TIME OF LATEST TRANSACTION | |
| control field | 20250909140012.0 |
| 008 - FIXED-LENGTH DATA ELEMENTS--GENERAL INFORMATION | |
| fixed length control field | 240418s9999 xx 000 0 und d |
| 020 ## - INTERNATIONAL STANDARD BOOK NUMBER | |
| International Standard Book Number | 978-1-4511-7277-5 |
| 040 ## - CATALOGING SOURCE | |
| Language of cataloging | English |
| Transcribing agency | URS |
| Description conventions | rda |
| 050 ## - LIBRARY OF CONGRESS CALL NUMBER | |
| Classification number | RC954 |
| Item number | .El43 2014 |
| 100 ## - MAIN ENTRY--PERSONAL NAME | |
| Personal name | Eliopoulus, Charlotte, |
| Relator term | author. |
| 245 #0 - TITLE STATEMENT | |
| Title | Gerontological nursing / |
| Statement of responsibility, etc | Charlotte Eliopoulos. |
| 250 ## - EDITION STATEMENT | |
| Edition statement | Eight edition. |
| 264 ## - PUBLICATION, DISTRIBUTION, ETC. (IMPRINT) | |
| Place of publication, distribution, etc | Philadelphia : |
| Name of publisher, distributor, etc | Wolters Kluwer Health/Lippincott Williams & Wilkins, |
| Date of publication, distribution, etc | ©2014. |
| 300 ## - PHYSICAL DESCRIPTION | |
| Extent | xxv, 547 pages : |
| Other physical details | colour illustrations ; |
| Dimensions | 26 cm. |
| 336 ## - CONTENT TYPE | |
| Content type term | text |
| Content type code | txt |
| Source | rdacontent |
| 337 ## - MEDIA TYPE | |
| Media type term | unmediated |
| Media type code | n |
| Source | rdamedia |
| 338 ## - CARRIER TYPE | |
| Carrier type term | volume |
| Carrier type code | nc |
| Source | rdacarrier |
| 504 ## - BIBLIOGRAPHY, ETC. NOTE | |
| Bibliography, etc | Includes bibliographical references and index. |
| 505 ## - FORMATTED CONTENTS NOTE | |
| Formatted contents note | Understanding the aging experience -- Foundations of gerontological nursing -- Fostering connection and gratification -- General care concerns -- Facilitating physiological balance -- Multisystemic disorders -- Gerontological care issues. |
| 650 #0 - SUBJECT ADDED ENTRY--TOPICAL TERM | |
| Topical term or geographic name as entry element | Geriatric nursing. |
| 9 (RLIN) | 5832 |
| 942 ## - ADDED ENTRY ELEMENTS (KOHA) | |
| Koha item type | Foreign Books |
| Source of classification or shelving scheme | Library of Congress Classification |
| Withdrawn status | Lost status | Source of classification or shelving scheme | Damaged status | Not for loan | Collection code | Home library | Current library | Shelving location | Date acquired | Source of acquisition | Total Checkouts | Full call number | Barcode | Date last seen | Copy number | Koha item type |
|---|---|---|---|---|---|---|---|---|---|---|---|---|---|---|---|---|
| Library of Congress Classification | Non-fiction | Taytay College Library | Taytay College Library | Nursing Collection | 06/19/2024 | Donation | RC954 .El43 2014 | URSTAY-5522 | 06/04/2025 | 2 | Foreign Books | |||||
| Library of Congress Classification | Non-fiction | Taytay College Library | Taytay College Library | Nursing Collection | 06/19/2024 | Donation | RC954 .El43 2014 | URSTAY-5523 | 06/04/2025 | 3 | Foreign Books | |||||
| Library of Congress Classification | Non-fiction | Taytay College Library | Taytay College Library | Nursing Collection | 06/19/2024 | Donation | RC954 .El43 2014 | URSTAY-5391 | 06/04/2025 | 1 | Foreign Books |